Statistics for Countries By Descriptions #18

Click here to take the quiz!

General Stats

  • This quiz has been taken 19 times
  • The average score is 9 of 10

Answer Stats

DescriptionsCountry% Correct
Southern Africa, at the southern tip of the continent of AfricaSouth Africa
100%
Eastern Asia, southern half of the Korean Peninsula bordering the Sea of Japan and the Yellow SeaSouth Korea
95%
East-Central Africa; south of Sudan, north of Uganda and Kenya, west of EthiopiaSouth Sudan
95%
Southern Africa, between South Africa and ZambiaZimbabwe
95%
Eastern Africa, bordering the Gulf of Aden and the Indian Ocean, east of EthiopiaSomalia
89%
Central Asia, north of Turkmenistan, south of KazakhstanUzbekistan
89%
Eastern Asia, islands bordering the East China Sea, Philippine Sea, South China Sea, and Taiwan Strait, north of the Philippines, off the southeastern coast of ChinaTaiwan
84%
Oceania, island group consisting of nine coral atolls in the South Pacific Ocean, about one-half of the way from Hawaii to Australia. Capital FunafutiTuvalu
84%
Southeastern Asia, islands between Malaysia and IndonesiaSingapore
79%
Oceania, group of islands in the South Pacific Ocean, east of Papua New Guinea. Capital HoniaraSolomon Islands
79%

Score Distribution

Percentile by Number Answered

Percent of People with Each Score

Your Score History

You have not taken this quiz